[Event "RUS–CHN Summit Women 8th Rapid"]
[Site "St. Petersburg"]
[Date "2012.07.08"]
[Round "6"]
[White "Girya, Olga"]
[Black "Shen, Yang"]
[Result "0-1"]
[WhiteElo "2392"]
[BlackElo "2425"]
[PlyCount "58"]
[EventDate "2012.??.??"]

1. d4 d5 2. Nf3 a6 3. Bg5 c6 4. e3 Qb6 5. Qc1 Bf5 6. c4 e6 7. Nc3 Nd7 8. Be2 h6
9. Bh4 Be7 10. Bxe7 Nxe7 11. O-O O-O 12. a3 Bg4 13. c5 Qc7 14. Nd2 Bxe2 15.
Nxe2 e5 16. Qc2 Rae8 17. b4 Ng6 18. Rfe1 f5 19. dxe5 Ndxe5 20. Nd4 f4 21. exf4
Nxf4 22. Nf1 Qf7 23. Re3 Nc4 24. Rxe8 Rxe8 25. Qc3 Qf6 26. Ng3 Nxa3 27. Qxa3
Qxd4 28. Rf1 Rf8 29. Qf3 Nh3+ 0-1

[Event "RUS–CHN Summit Women 8th Rapid"]
[Site "St. Petersburg"]
[Date "2012.07.08"]
[Round "6"]
[White "Kovanova, Baira"]
[Black "Ding, Yixin"]
[Result "1-0"]
[WhiteElo "2413"]
[BlackElo "2360"]
[PlyCount "55"]
[EventDate "2012.??.??"]

1. e4 c5 2. Nf3 e6 3. d3 Nc6 4. g3 d5 5. Qe2 Nf6 6. Bg2 Be7 7. O-O O-O 8. e5
Nd7 9. Re1 b5 10. c3 b4 11. c4 Nb6 12. h4 Rb8 13. b3 Bb7 14. Bb2 a5 15. Nbd2 a4
16. Rad1 Ra8 17. d4 axb3 18. axb3 Ra2 19. dxc5 Rxb2 20. cxb6 Qxb6 21. cxd5 exd5
22. Qd3 Bc5 23. Ng5 Bxf2+ 24. Kh2 g6 25. e6 fxe6 26. Rxe6 Qd4 27. Rxg6+ Kh8 28.
Rg8+ 1-0

[Event "RUS–CHN Summit Women 8th Rapid"]
[Site "St. Petersburg"]
[Date "2012.07.08"]
[Round "7"]
[White "Shen, Yang"]
[Black "Gunina, Valentina"]
[Result "1-0"]
[WhiteElo "2425"]
[BlackElo "2516"]
[PlyCount "149"]
[EventDate "2012.??.??"]

1. d4 d5 2. Nf3 Nf6 3. c4 c6 4. Nc3 dxc4 5. a4 Bf5 6. Ne5 Nbd7 7. Nxc4 Qc7 8.
g3 e5 9. dxe5 Nxe5 10. Bf4 Nfd7 11. Bg2 g5 12. Bxe5 Nxe5 13. Qd4 f6 14. O-O-O
Rd8 15. Qe3 Be7 16. Rxd8+ Kxd8 17. Nxe5 Qxe5 18. Qxa7 Kc7 19. Rd1 Qc5 20. Qxc5
Bxc5 21. e3 Ra8 22. Be4 Be6 23. Kc2 h5 24. b3 Rh8 25. Ne2 Bg4 26. f3 Bd7 27.
Nd4 g4 28. f4 h4 29. Rd2 hxg3 30. hxg3 Rh3 31. Rg2 Rh5 32. Kc3 f5 33. Bc2 Be7
34. b4 Bf6 35. Bb3 Rh1 36. a5 Rc1+ 37. Bc2 Rh1 38. Kc4 Rh5 39. e4 fxe4 40. Bxe4
Be8 41. Ne6+ Kd6 42. Nc5 Bf7+ 43. Kd3 Kc7 44. Ke3 Bc3 45. a6 bxa6 46. Rc2 Be1
47. Nxa6+ Kd8 48. Rxc6 Bxg3 49. Nc5 Be1 50. Nd3 Bh4 51. Ne5 Be8 52. Rd6+ Ke7
53. Rb6 g3 54. b5 Bf6 55. Rb7+ Kd6 56. Nc4+ Kc5 57. Rc7+ Kb4 58. b6 Bd8 59. Rc8
Bxb6+ 60. Nxb6 Bf7 61. Rc7 Be6 62. Rg7 Rh3 63. Kd4 Rh4 64. Ke5 Bg4 65. Nd5+ Kc5
66. Ne3 Rh5+ 67. f5 Be2 68. Rxg3 Rh8 69. Bd5 Bd3 70. Be6 Rh4 71. Ng4 Be2 72.
Nf6 Ra4 73. Rc3+ Kb6 74. Nd5+ Kb7 75. f6 1-0

[Event "RUS–CHN Summit Women 8th Rapid"]
[Site "St. Petersburg"]
[Date "2012.07.08"]
[Round "7"]
[White "Kosteniuk, Alexandra"]
[Black "Zhao, Xue"]
[Result "1/2-1/2"]
[WhiteElo "2568"]
[BlackElo "2545"]
[PlyCount "145"]
[EventDate "2012.??.??"]

1. e4 e5 2. Nf3 Nc6 3. Bb5 Nf6 4. d3 d6 5. c3 Be7 6. O-O O-O 7. Re1 a6 8. Ba4
b5 9. Bb3 Na5 10. Bc2 c5 11. d4 Qc7 12. d5 c4 13. b4 Nb7 14. a4 Bd7 15. Na3
Rfc8 16. h3 g6 17. Be3 Nh5 18. Qd2 Qd8 19. Ra2 Qe8 20. g4 Ng7 21. Nh2 Nd8 22.
f4 exf4 23. Bxf4 f6 24. Nf3 Nf7 25. Bd1 Ne5 26. Nxe5 dxe5 27. Bh6 Qd8 28. Be2
Ne8 29. Be3 Nd6 30. Qc2 a5 31. Nxb5 axb4 32. cxb4 Bxb5 33. axb5 Rxa2 34. Qxa2
Nxe4 35. Bxc4 Bxb4 36. Rf1 Qd6 37. Bd3 Bc5 38. Bxe4 Bxe3+ 39. Kh1 Bb6 40. Qb3
Kg7 41. Qf3 Rc4 42. h4 Bd4 43. h5 Rc3 44. Bd3 Bb6 45. Qe4 Qa3 46. Rd1 Qb3 47.
Rd2 Rc1+ 48. Kh2 Qc3 49. Rc2 Rxc2+ 50. Bxc2 Qd2+ 51. Kh3 Qc1 52. d6 Qf1+ 53.
Qg2 Qxb5 54. hxg6 hxg6 55. g5 Qd7+ 56. Kh2 Qxd6 57. Qb7+ Bc7 58. gxf6+ Kxf6 59.
Qe4 Kg7 60. Bd3 Bb6 61. Qb7+ Bc7 62. Qe4 Bd8 63. Kg2 Bg5 64. Qb7+ Kh6 65. Qa8
Bf6 66. Qe4 Be7 67. Kf3 Bg5 68. Ke2 Qf6 69. Qg4 Bh4 70. Bxg6 Qxg6 71. Qxh4+
Qh5+ 72. Qxh5+ Kxh5 73. Ke3 1/2-1/2

[Event "RUS–CHN Summit Women 8th Rapid"]
[Site "St. Petersburg"]
[Date "2012.07.08"]
[Round "7"]
[White "Ding, Yixin"]
[Black "Pogonina, Natalija"]
[Result "1-0"]
[WhiteElo "2360"]
[BlackElo "2392"]
[PlyCount "117"]
[EventDate "2012.??.??"]

1. e4 e5 2. Nf3 Nc6 3. Bc4 Bc5 4. O-O Nf6 5. d4 Bxd4 6. Nxd4 Nxd4 7. f4 d6 8.
fxe5 dxe5 9. Bg5 Qe7 10. c3 Ne6 11. Bxf6 Qc5+ 12. Kh1 Qxc4 13. Bxe5 O-O 14. Nd2
Qc6 15. Qg4 Qb5 16. Qg3 Qxb2 17. Nb3 c5 18. Rf6 g6 19. Qh4 Qe2 20. Rf3 f6 21.
Rxf6 Bd7 22. h3 Qh5 23. Qxh5 gxh5 24. Raf1 Rxf6 25. Bxf6 Bc6 26. e5 b6 27. Rf5
Be8 28. Nd2 Rc8 29. Nc4 Rc7 30. Nd6 Bg6 31. Rf2 Rd7 32. Bh4 Ng7 33. Kh2 Ne6 34.
Rf6 Ng7 35. Rf2 Ne6 36. Nc8 Rf7 37. Bf6 Bd3 38. Rf3 c4 39. Nd6 Rc7 40. Bh4 Rc5
41. Bg3 Ng5 42. Re3 Rc7 43. Bh4 Ne6 44. Ne8 Rf7 45. Nf6+ Kf8 46. Nxh5 h6 47.
Nf6 Ng5 48. Ng4 Rh7 49. e6 Bf5 50. e7+ Rxe7 51. Rxe7 Kxe7 52. Nxh6 Kf6 53. Nxf5
Kxf5 54. g4+ Kf4 55. Bxg5+ Kxg5 56. Kg3 b5 57. h4+ Kf6 58. Kf4 a5 59. Ke4 1-0

[Event "RUS–CHN Summit Women 8th Rapid"]
[Site "St. Petersburg"]
[Date "2012.07.08"]
[Round "7"]
[White "Huang, Qian"]
[Black "Girya, Olga"]
[Result "1/2-1/2"]
[WhiteElo "2457"]
[BlackElo "2392"]
[PlyCount "137"]
[EventDate "2012.??.??"]

1. c4 c5 2. Nf3 g6 3. Nc3 Bg7 4. e3 Nc6 5. d4 d6 6. Be2 Nf6 7. d5 Nb8 8. O-O
O-O 9. e4 e5 10. dxe6 fxe6 11. e5 dxe5 12. Qxd8 Rxd8 13. Nxe5 Nfd7 14. Nxd7
Bxd7 15. Bg5 Rc8 16. Rad1 Bd4 17. Ne4 Kg7 18. Nd6 Rc6 19. Nxb7 Rb6 20. Na5 Nc6
21. Nb3 Be8 22. Be3 Rc8 23. Nxc5 Bxc5 24. Bxc5 Rxb2 25. Bg4 Rxa2 26. Bxe6 Rc7
27. Bd5 Bf7 28. Ra1 Rc2 29. Be3 Nb4 30. Rfd1 Nxd5 31. cxd5 Rd7 32. d6 Rc6 33.
Bd4+ Kf8 34. Bxa7 Kg8 35. Bb8 Be6 36. Bc7 Kf7 37. h3 h5 38. Rdc1 Rxc1+ 39. Rxc1
Bd5 40. Re1 Be6 41. Kh2 Bd5 42. Re5 Bb3 43. Kg3 Kg7 44. Kh4 Rf7 45. Bb6 Ba4 46.
Kg3 Bc6 47. Bd4 Kh7 48. Ra5 Rd7 49. Be5 Rb7 50. f3 Kg8 51. Bf4 Kf7 52. Re5 Kf6
53. h4 Kf7 54. Be3 Rd7 55. Bc5 Kf6 56. Re3 Rb7 57. Kf4 Kf7 58. Kg5 Rb5 59. Re7+
Kf8 60. Re5 Kf7 61. Kh6 Kf6 62. Rg5 Kf7 63. Re5 Kf6 64. f4 Bd7 65. Bd4 Rxe5 66.
fxe5+ Kf7 67. Kg5 Be6 68. Be3 Bd7 69. Kf4 1/2-1/2

[Event "RUS–CHN Summit Women 8th Rapid"]
[Site "St. Petersburg"]
[Date "2012.07.08"]
[Round "7"]
[White "Kovanova, Baira"]
[Black "Ju, Wenjun"]
[Result "1/2-1/2"]
[WhiteElo "2413"]
[BlackElo "2518"]
[PlyCount "67"]
[EventDate "2012.??.??"]

1. e4 c5 2. Nf3 d6 3. d4 cxd4 4. Nxd4 Nf6 5. Nc3 a6 6. Be2 e5 7. Nb3 Be7 8. O-O
O-O 9. Be3 Be6 10. a4 Nbd7 11. a5 Rc8 12. Qd2 Qc7 13. Rfc1 h6 14. Bf3 Rfe8 15.
h3 Qc6 16. Nd5 Bxd5 17. exd5 Qc7 18. c4 Nc5 19. Nxc5 dxc5 20. b4 e4 21. Be2 Nd7
22. Bg4 Rcd8 23. Bxd7 Rxd7 24. Rab1 f5 25. bxc5 Bxc5 26. Bxc5 Qxc5 27. Qb4 Rc8
28. Qb6 Qxb6 29. Rxb6 Rxd5 30. Rxb7 Rdc5 31. Rd1 R5c7 32. Rxc7 Rxc7 33. Rd5
Rxc4 34. Rxf5 1/2-1/2

[Event "RUS–CHN Summit Women 8th Rapid"]
[Site "St. Petersburg"]
[Date "2012.07.08"]
[Round "8"]
[White "Gunina, Valentina"]
[Black "Ding, Yixin"]
[Result "1-0"]
[WhiteElo "2516"]
[BlackElo "2360"]
[PlyCount "181"]
[EventDate "2012.??.??"]

1. d4 Nf6 2. c4 g6 3. Nc3 d5 4. cxd5 Nxd5 5. Nf3 Bg7 6. Qa4+ c6 7. e4 Nxc3 8.
bxc3 O-O 9. Be2 c5 10. O-O cxd4 11. cxd4 Nc6 12. Be3 Bg4 13. e5 Qa5 14. Qb3 Qb4
15. Qd1 Rad8 16. Rb1 Qa3 17. Rxb7 Bxf3 18. Bxf3 Nxe5 19. Be2 Nc6 20. d5 Qxa2
21. Qc1 Nd4 22. Bxd4 Bxd4 23. Bc4 Qa5 24. Rxe7 Qc5 25. Re4 Rfe8 26. Rh4 Bf6 27.
Rg4 h5 28. Rg3 Rc8 29. d6 Qxc4 30. d7 Qxc1 31. dxe8=Q+ Rxe8 32. Rxc1 a5 33. Kf1
Ra8 34. Rc4 Be7 35. Re3 Bb4 36. h4 Ra7 37. Ke2 Kg7 38. g3 Bd6 39. Rd3 Be7 40.
Rdd4 Rb7 41. Rd5 Bb4 42. Kf3 Be1 43. Rdc5 Rb3+ 44. Ke2 Bb4 45. Rc7 Bd6 46. Ra7
Ra3 47. Rc6 Be5 48. Rc5 Ra2+ 49. Ke3 Bd6 50. Rd5 Bb4 51. Rb7 Ra3+ 52. Ke4 Ra2
53. Ke3 Ra3+ 54. Ke2 Ra2+ 55. Kf1 Rd2 56. Rxd2 Bxd2 57. Ke2 Bb4 58. Ra7 Bc3 59.
Ke3 Be1 60. Rb7 Kf6 61. Rb6+ Kg7 62. Rb2 Bc3 63. Rc2 Be1 64. Ra2 Kf6 65. Ke4 g5
66. hxg5+ Kxg5 67. Kf3 f5 68. Rc2 Bb4 69. Rc6 Be1 70. Kg2 f4 71. Rc5+ Kg6 72.
gxf4 Bd2 73. Kg3 Be1 74. Rg5+ Kh6 75. Re5 Bc3 76. Re6+ Kg7 77. Kh4 Kf7 78. Ra6
Be1 79. Kxh5 Bxf2 80. Rxa5 Be3 81. Kg5 Kg7 82. Re5 Bd2 83. Re7+ Kf8 84. Rd7 Bc1
85. Rc7 Bd2 86. Kf6 Ke8 87. f5 Ba5 88. Rc8+ Kd7 89. Ra8 Bc3+ 90. Kg6 Ke7 91.
f6+ 1-0

[Event "RUS–CHN Summit Women 8th Rapid"]
[Site "St. Petersburg"]
[Date "2012.07.08"]
[Round "8"]
[White "Kosteniuk, Alexandra"]
[Black "Shen, Yang"]
[Result "1-0"]
[WhiteElo "2568"]
[BlackElo "2425"]
[PlyCount "79"]
[EventDate "2012.??.??"]

1. e4 e5 2. Nf3 Nc6 3. Bb5 Nf6 4. d3 d6 5. c3 Bd7 6. O-O g6 7. Re1 Bg7 8. d4
O-O 9. d5 Ne7 10. Bxd7 Nxd7 11. c4 a5 12. Nc3 Kh8 13. Rb1 Ng8 14. a3 Bh6 15. b4
b6 16. Nd2 f5 17. Nb3 axb4 18. axb4 Bxc1 19. Qxc1 Ngf6 20. Qc2 fxe4 21. Nxe4
Nxe4 22. Rxe4 Qf6 23. f3 Qf7 24. Ree1 Nf6 25. Nd2 Ra3 26. Ra1 Rfa8 27. Rxa3
Rxa3 28. Qb2 Ra8 29. f4 Nd7 30. fxe5 Nxe5 31. Nf3 Qf6 32. Nxe5 dxe5 33. Qxe5
Qxe5 34. Rxe5 Ra4 35. Re7 Rxb4 36. Rxc7 Rb1+ 37. Kf2 Rd1 38. Ke2 Rd4 39. Ke3
Rd1 40. Rb7 1-0

[Event "RUS–CHN Summit Women 8th Rapid"]
[Site "St. Petersburg"]
[Date "2012.07.08"]
[Round "8"]
[White "Zhao, Xue"]
[Black "Pogonina, Natalija"]
[Result "0-1"]
[WhiteElo "2545"]
[BlackElo "2392"]
[PlyCount "102"]
[EventDate "2012.??.??"]

1. d4 Nf6 2. c4 c5 3. d5 b5 4. cxb5 a6 5. bxa6 g6 6. Nc3 Bxa6 7. Nf3 d6 8. g3
Bg7 9. Bg2 Nbd7 10. Rb1 O-O 11. O-O Qa5 12. Qc2 Nb6 13. Rd1 Nc4 14. Nd2 Nd7 15.
Nxc4 Bxc4 16. Bd2 Bxc3 17. Bxc3 Qxa2 18. Qd2 Qb3 19. e4 Nb6 20. e5 dxe5 21.
Bxe5 Rad8 22. Qh6 f6 23. Bc7 Rd7 24. Bh3 f5 25. Be5 Rf7 26. d6 exd6 27. Bxd6
Bd5 28. Re1 Rd8 29. Re3 Qb5 30. Be7 Re8 31. Bxc5 Be4 32. Rc1 Qxb2 33. Ba3 Qd4
34. Rec3 Qe5 35. Bf1 f4 36. Rb3 fxg3 37. fxg3 Bd5 38. Rb4 Qf5 39. Rf4 Qe5 40.
Rxf7 Bxf7 41. Qd2 Nd5 42. Bb5 Rb8 43. Re1 Qc7 44. Qd4 Rxb5 45. Rc1 Qb7 46. Qh4
Qb6+ 47. Kg2 Ne3+ 48. Kf3 Rf5+ 49. Ke2 Qa6+ 50. Kd2 Rd5+ 51. Kxe3 Qxa3+ 0-1

[Event "RUS–CHN Summit Women 8th Rapid"]
[Site "St. Petersburg"]
[Date "2012.07.08"]
[Round "8"]
[White "Huang, Qian"]
[Black "Kovanova, Baira"]
[Result "1-0"]
[WhiteElo "2457"]
[BlackElo "2413"]
[PlyCount "93"]
[EventDate "2012.??.??"]

1. c4 Nf6 2. Nc3 e6 3. e4 d5 4. e5 d4 5. exf6 dxc3 6. bxc3 Qxf6 7. d4 e5 8. Nf3
exd4 9. Bg5 Qe6+ 10. Be2 Bd6 11. cxd4 h6 12. Bd2 c5 13. d5 Qf6 14. O-O O-O 15.
Qb3 b6 16. Rfe1 Bg4 17. Bc3 Qf4 18. g3 Qe4 19. Nd2 Qf5 20. Bxg4 Qxg4 21. Ne4
Bc7 22. d6 Bd8 23. Kg2 f5 24. f3 Qg6 25. Nf2 Qxd6 26. Rad1 Qg6 27. Nd3 Bc7 28.
Re7 Rf7 29. Re8+ Rf8 30. Re7 Rf7 31. Rde1 Nd7 32. R1e6 Qg5 33. Rxf7 Kxf7 34.
Rc6 Qe3 35. Qc2 Rc8 36. Nf4 Bxf4 37. Rxc8 Bd6 38. Qxf5+ Ke7 39. Qe4+ Qxe4 40.
fxe4 Be5 41. Bd2 Nf6 42. Kf3 Kd7 43. Ra8 a5 44. Bf4 Ke6 45. h4 Bd4 46. Bc7 Nd7
47. Ra6 1-0

[Event "RUS–CHN Summit Women 8th Rapid"]
[Site "St. Petersburg"]
[Date "2012.07.08"]
[Round "9"]
[White "Gunina, Valentina"]
[Black "Huang, Qian"]
[Result "1-0"]
[WhiteElo "2516"]
[BlackElo "2457"]
[PlyCount "73"]
[EventDate "2012.??.??"]

1. d4 d6 2. Nf3 Bg4 3. Nbd2 Nf6 4. e4 g6 5. h3 Bxf3 6. Qxf3 c6 7. e5 Nd5 8. c4
Nc7 9. exd6 Qxd6 10. Ne4 Qd8 11. h4 Bg7 12. h5 Qxd4 13. Be2 Nd7 14. h6 Be5 15.
O-O Nf6 16. Nxf6+ Bxf6 17. Rd1 Qb6 18. Be3 Qa5 19. Bd4 Bxd4 20. Rxd4 Ne6 21.
Rd3 Qg5 22. Rad1 Qxh6 23. Rd7 O-O 24. Rxe7 Rad8 25. Rxd8 Nxd8 26. Qc3 Qg5 27.
Rd7 Re8 28. Bf1 a6 29. c5 Ne6 30. b4 Re7 31. f4 Qh4 32. g3 Rxd7 33. gxh4 Nxf4
34. Qe5 Ne6 35. Bh3 Rd1+ 36. Kf2 Nf4 37. Qxf4 1-0

[Event "RUS–CHN Summit Women 8th Rapid"]
[Site "St. Petersburg"]
[Date "2012.07.08"]
[Round "9"]
[White "Ding, Yixin"]
[Black "Kosteniuk, Alexandra"]
[Result "0-1"]
[WhiteElo "2360"]
[BlackElo "2568"]
[PlyCount "142"]
[EventDate "2012.??.??"]

1. e4 e5 2. Nc3 Nf6 3. g3 Bb4 4. Bg2 c6 5. Nge2 O-O 6. O-O Re8 7. d4 d6 8. h3
Nbd7 9. g4 Nf8 10. Ng3 Ng6 11. g5 Nd7 12. Nf5 Ndf8 13. Ne2 d5 14. dxe5 Nxe5 15.
Neg3 dxe4 16. Bxe4 Neg6 17. Qxd8 Rxd8 18. Be3 Ne6 19. Rad1 Bd7 20. Nd6 Bxd6 21.
Rxd6 Be8 22. Rfd1 Rxd6 23. Rxd6 Kf8 24. Nf5 Ngf4 25. h4 g6 26. Nh6 Ke7 27. Rd2
f5 28. gxf6+ Kxf6 29. Ng4+ Ke7 30. c4 b6 31. f3 Rc8 32. b4 h5 33. Nf2 c5 34.
bxc5 bxc5 35. Kh2 Rd8 36. Rb2 Kf6 37. Rb7 Rd7 38. Rb8 Bf7 39. Bc6 Rc7 40. Ne4+
Ke5 41. Ba4 Nd4 42. Kg3 Nde2+ 43. Kf2 Nd4 44. Rf8 Nd3+ 45. Kg2 Rb7 46. Bb3 Nf5
47. Bg5 Nf4+ 48. Kf1 Ne6 49. Rc8 Nxg5 50. hxg5 Kf4 51. Kf2 h4 52. Nxc5 Re7 53.
Ne4 Ng3 54. Rh8 Nxe4+ 55. fxe4 Kxg5 56. Kf3 Be6 57. c5 Bg4+ 58. Kf2 Rxe4 59. c6
Re2+ 60. Kf1 Re7 61. Bd5 h3 62. a4 Kf4 63. Kf2 Re2+ 64. Kf1 Rc2 65. Re8 h2 66.
Re4+ Kg5 67. Re7 Bh3+ 68. Ke1 Bg2 69. Bxg2 Rxg2 70. Rh7 Rg1+ 71. Kd2 h1=Q 0-1

[Event "RUS–CHN Summit Women 8th Rapid"]
[Site "St. Petersburg"]
[Date "2012.07.08"]
[Round "9"]
[White "Pogonina, Natalija"]
[Black "Ju, Wenjun"]
[Result "0-1"]
[WhiteElo "2392"]
[BlackElo "2518"]
[PlyCount "96"]
[EventDate "2012.??.??"]

1. e4 c5 2. Nf3 d6 3. d4 cxd4 4. Nxd4 Nf6 5. Nc3 a6 6. Be2 e5 7. Nb3 Be7 8. O-O
O-O 9. Re1 Be6 10. Bf3 a5 11. a4 Nc6 12. Nd5 Bxd5 13. exd5 Nb8 14. Be2 Nfd7 15.
Bb5 b6 16. Be3 Nc5 17. Nd2 Nbd7 18. Nc4 Rc8 19. c3 e4 20. Bf4 Nf6 21. Ne3 Qc7
22. Rc1 g6 23. b4 Ncd7 24. Bc6 Nb8 25. b5 Nbd7 26. f3 Nc5 27. fxe4 Nfxe4 28.
Bh6 f5 29. Bxf8 Rxf8 30. Nc2 Bg5 31. Ra1 Bd2 32. Rf1 Bxc3 33. Ra3 Qg7 34. Kh1
Nd2 35. Rf2 Nce4 36. Re2 Nc4 37. Ra2 Be5 38. Ne1 Nc3 39. Qd3 Nxe2 40. Qxc4 Qh6
41. Nf3 Ng3+ 42. Kg1 Qe3+ 43. Rf2 Ne4 44. Qe2 Bd4 45. Nxd4 Qxd4 46. Kf1 Qxf2+
47. Qxf2 Nxf2 48. Kxf2 Kg7 0-1

[Event "RUS–CHN Summit Women 8th Rapid"]
[Site "St. Petersburg"]
[Date "2012.07.08"]
[Round "9"]
[White "Girya, Olga"]
[Black "Zhao, Xue"]
[Result "1/2-1/2"]
[WhiteElo "2392"]
[BlackElo "2545"]
[PlyCount "101"]
[EventDate "2012.??.??"]

1. d4 Nf6 2. Nf3 e6 3. c4 b6 4. g3 Ba6 5. Qb3 Nc6 6. Nbd2 d5 7. Qa4 Bb7 8. Ne5
Bd6 9. Nxc6 Qd7 10. cxd5 exd5 11. Bg2 O-O 12. O-O Bxc6 13. Qc2 Rfe8 14. Nb1 h5
15. Nc3 h4 16. Bg5 hxg3 17. fxg3 Ne4 18. Bf4 Nxc3 19. Qxc3 Rxe2 20. Bxd6 cxd6
21. Rac1 Bb7 22. Qc7 Rd8 23. Bh3 Qe7 24. Qxe7 Rxe7 25. Rfe1 Rde8 26. Rxe7 Rxe7
27. Bg2 Kf8 28. Kf2 Ke8 29. Rc3 Kd8 30. h4 f5 31. Re3 Rxe3 32. Kxe3 Ke7 33. Kf4
Kf6 34. Bf3 a5 35. a3 Bc6 36. b4 axb4 37. axb4 Ba8 38. Bg2 Bb7 39. Bf3 Bc6 40.
Bg2 Bb7 41. Bf1 Bc6 42. Bg2 Bb7 43. Bf1 Bc6 44. Bd3 Bd7 45. Bc2 g6 46. Bd3 Ba4
47. Ba6 Bc2 48. Bb7 Be4 49. Bc6 Bg2 50. Bd7 Bf1 51. Bc6 1/2-1/2

[Event "RUS–CHN Summit Women 8th Rapid"]
[Site "St. Petersburg"]
[Date "2012.07.08"]
[Round "9"]
[White "Shen, Yang"]
[Black "Kovanova, Baira"]
[Result "1-0"]
[WhiteElo "2425"]
[BlackElo "2413"]
[PlyCount "63"]
[EventDate "2012.??.??"]

1. d4 Nf6 2. Nf3 e6 3. c4 Bb4+ 4. Bd2 Bxd2+ 5. Qxd2 d5 6. g3 O-O 7. Bg2 Nbd7 8.
O-O c6 9. Rc1 Qe7 10. b3 e5 11. cxd5 Nxd5 12. e4 N5f6 13. Nc3 Rd8 14. Rd1 Nf8
15. Nxe5 Ne6 16. Qe3 Qb4 17. d5 cxd5 18. Nxd5 Nxd5 19. Rxd5 Re8 20. Rc1 b6 21.
f4 Ba6 22. Nc6 Qa3 23. Qd2 Nc5 24. e5 Bb7 25. Rd6 Rac8 26. b4 Bxc6 27. Rxc6
Rcd8 28. Rd6 Ne6 29. Bd5 Nd4 30. Rc7 Rxd6 31. exd6 g6 32. Bxf7+ 1-0

[Event "RUS–CHN Summit Women 8th Rapid"]
[Site "St. Petersburg"]
[Date "2012.07.08"]
[Round "10"]
[White "Huang, Qian"]
[Black "Kosteniuk, Alexandra"]
[Result "1-0"]
[WhiteElo "2457"]
[BlackElo "2568"]
[PlyCount "77"]
[EventDate "2012.??.??"]

1. c4 Nf6 2. Nc3 e5 3. Nf3 Nc6 4. g3 d5 5. cxd5 Nxd5 6. Bg2 Nb6 7. O-O Be7 8.
d3 O-O 9. a3 Be6 10. b4 f6 11. Bb2 Qd7 12. Rc1 a5 13. b5 Nd4 14. Nxd4 exd4 15.
Ne4 Bd5 16. a4 f5 17. Nd2 Bxg2 18. Kxg2 f4 19. Nf3 Bf6 20. Rc5 fxg3 21. hxg3
Nd5 22. Qb3 Rad8 23. Bxd4 Qe6 24. Rb1 Kh8 25. Bxf6 Rxf6 26. d4 Rg6 27. Kg1 b6
28. Rc6 Rd6 29. Rxd6 cxd6 30. e4 Ne7 31. Qxe6 Rxe6 32. Nd2 d5 33. e5 g5 34. Rc1
g4 35. Kf1 Kg7 36. Ke2 h5 37. Nf1 Kf7 38. Ne3 Rh6 39. Rc7 1-0

[Event "RUS–CHN Summit Women 8th Rapid"]
[Site "St. Petersburg"]
[Date "2012.07.08"]
[Round "10"]
[White "Pogonina, Natalija"]
[Black "Shen, Yang"]
[Result "1/2-1/2"]
[WhiteElo "2392"]
[BlackElo "2425"]
[PlyCount "92"]
[EventDate "2012.??.??"]

1. e4 e5 2. Nf3 Nc6 3. Bb5 Nf6 4. d3 Bc5 5. O-O d6 6. h3 h6 7. c3 O-O 8. Re1
Bb6 9. Nbd2 Ne7 10. Nf1 Ng6 11. Ng3 c6 12. Ba4 d5 13. exd5 Nxd5 14. d4 exd4 15.
cxd4 Be6 16. Bc2 Re8 17. a3 Ndf4 18. Ne2 Qf6 19. Nxf4 Nxf4 20. Re4 Nd5 21. Qd3
g6 22. Bxh6 Bf5 23. Rxe8+ Rxe8 24. Qd2 Bxc2 25. Qxc2 Bxd4 26. Nxd4 Qxd4 27. Rd1
Qe4 28. Qd2 Kh7 29. Be3 a6 30. Re1 Qc4 31. Rc1 Qe4 32. Re1 Re6 33. f3 Qc4 34.
Bf2 Rxe1+ 35. Qxe1 Nf4 36. Qe7 b5 37. b4 Kg7 38. Bc5 Ne6 39. Bd6 Qc3 40. f4 Qc4
41. Be5+ Kg8 42. Qf6 Kf8 43. Bd6+ Kg8 44. Be5 Kf8 45. Bd6+ Kg8 46. Be5 Kf8
1/2-1/2

[Event "RUS–CHN Summit Women 8th Rapid"]
[Site "St. Petersburg"]
[Date "2012.07.08"]
[Round "10"]
[White "Ding, Yixin"]
[Black "Girya, Olga"]
[Result "1/2-1/2"]
[WhiteElo "2360"]
[BlackElo "2392"]
[PlyCount "144"]
[EventDate "2012.??.??"]

1. e4 c5 2. Nf3 Nc6 3. b3 e5 4. Bb2 d6 5. Be2 Nf6 6. d3 Be7 7. O-O O-O 8. Nbd2
Ne8 9. c3 Bf6 10. Nc4 Nc7 11. d4 exd4 12. cxd4 d5 13. exd5 Nxd5 14. dxc5 Nc3
15. Bxc3 Bxc3 16. Rc1 Bb4 17. Qxd8 Nxd8 18. Nce5 Ba3 19. Rc3 Be6 20. Bb5 Rc8
21. c6 bxc6 22. Nxc6 Nxc6 23. Rxc6 Rxc6 24. Bxc6 Rd8 25. Re1 Bb4 26. Rf1 f6 27.
h3 Kf7 28. Be4 g6 29. Rc1 Rd7 30. Kf1 Ba3 31. Rb1 a5 32. Ke2 Ke7 33. Rd1 Rxd1
34. Kxd1 f5 35. Bb7 Kd6 36. Nd4 Bd7 37. Nf3 Be6 38. Ke2 Bc5 39. Ne1 Bd7 40. f4
Bb5+ 41. Kf3 Bf1 42. Nc2 Bd3 43. Ne3 Kc7 44. Bd5 Bb1 45. a4 Kd6 46. Bg8 Be4+
47. Ke2 h6 48. Nc4+ Kc7 49. g4 fxg4 50. hxg4 Bb4 51. Ne5 h5 52. Ke3 Bc2 53.
gxh5 gxh5 54. Kf3 Kd6 55. Kg3 Be1+ 56. Kf3 Ke7 57. Bf7 Bc3 58. Bd5 Kf6 59. Nd7+
Kf5 60. Nc5 Bd1+ 61. Ke3 Bb4 62. Nd3 Ba3 63. Be4+ Kf6 64. Bd5 h4 65. Nf2 Bc5+
66. Kd2 Bxf2 67. Kxd1 Kf5 68. Ke2 Bc5 69. Kf3 Bd6 70. Be4+ Kf6 71. Kg4 h3 72.
Kxh3 Bxf4 1/2-1/2

[Event "RUS–CHN Summit Women 8th Rapid"]
[Site "St. Petersburg"]
[Date "2012.07.08"]
[Round "10"]
[White "Kovanova, Baira"]
[Black "Zhao, Xue"]
[Result "1/2-1/2"]
[WhiteElo "2413"]
[BlackElo "2545"]
[PlyCount "193"]
[EventDate "2012.??.??"]

1. e4 Nf6 2. e5 Nd5 3. d4 d6 4. Nf3 dxe5 5. Nxe5 c6 6. c4 Nb4 7. Be3 Bf5 8. Na3
Nd7 9. Nxd7 Qxd7 10. Be2 e6 11. O-O Be7 12. Bg4 Bg6 13. Bh5 O-O 14. Bxg6 hxg6
15. Nc2 Nxc2 16. Qxc2 Rfd8 17. Rad1 Qc7 18. Qe4 Qa5 19. a3 Rd7 20. Rd2 Rad8 21.
Rfd1 Qa4 22. Qc2 Qa6 23. g3 b5 24. c5 Bf6 25. h4 Rd5 26. Kg2 Qc8 27. a4 a6 28.
b4 Qd7 29. a5 Qe8 30. f4 R8d7 31. Qe4 Bd8 32. Bf2 Kf8 33. Kf3 Bc7 34. Be3 Ke7
35. Bf2 Kd8 36. Be3 Kc8 37. Bf2 Kb7 38. Be3 Qd8 39. Ke2 Qh8 40. Qf3 Rd8 41. Rh1
Qe8 42. Rhd1 R8d7 43. Qe4 Re7 44. Kf2 f6 45. Kg2 Qf7 46. Rf1 Red7 47. Rfd1 Qe8
48. Qf3 Qd8 49. Qe4 Qe8 50. Qf3 Qg8 51. Qe4 Qf7 52. Qf3 Bd8 53. Qe4 Bc7 54. Qf3
Rd8 55. Qe4 Rh8 56. Qf3 Rdd8 57. Qe4 Rh5 58. Qf3 Rdd5 59. Rf1 Rh8 60. Rfd1 Re8
61. Rf1 Qg8 62. Qe4 Qf7 63. Qf3 Re7 64. Qe4 Qe8 65. Rfd1 Ka7 66. Qf3 Kb8 67.
Qe4 Kb7 68. Qf3 Qh8 69. Qe4 Qh5 70. Qf3 Qh7 71. Qe4 Kc8 72. Qf3 Kd7 73. Qe4 Ke8
74. Qf3 Kf7 75. Rh1 Red7 76. Re2 Re7 77. Bf2 Qh8 78. Rhe1 Qc8 79. Qg4 Rf5 80.
Qf3 Qd7 81. Qe4 Re8 82. Qf3 Re7 83. Qe4 Qd5 84. Qxd5 Rxd5 85. Kf3 Rd8 86. Re4
Ree8 87. g4 Rd7 88. R4e2 Rde7 89. Bg3 Kf8 90. Bf2 Kg8 91. Bg3 Kf7 92. Bf2 Rd7
93. Re4 Rd5 94. R4e2 Re7 95. Re4 Re8 96. R4e2 Re7 97. Re4 1/2-1/2